Amada inmortal
Año 1827. Una fervorosa multitud llena las calles de Viena para rendir su último homenaje a un genio: Ludwig Van Beethoven. En su testamento el músico ha decidido legar todo lo que poseía a una mujer desconocida, su amor inmortal. Nadie sabe quién es. La única pista para descubrir su identidad es un...
Guardado en:
| Autor Principal: | |
|---|---|
| Autor Corporativo: | |
| Otros Autores: | , , , , |
| Formato: | |
| Idioma: | Undetermined |
| Publicado: |
Estados Unidos :
Columbia Pictures,
1994.
|
| Materias: | |
| Etiquetas: |
Agregar Etiqueta
Sin Etiquetas, Sea el primero en etiquetar este registro!
|
| LEADER | 01222ngm a22002655a 4500 | ||
|---|---|---|---|
| 001 | CEM.cems020446 | ||
| 008 | 230914s1994####xx#---############vlund#d | ||
| 005 | 20230914193850.0 | ||
| 245 | 1 | 0 | |a Amada inmortal |h [videograbación] / |c Bernard Rose. |
| 260 | |a Estados Unidos : |b Columbia Pictures, |c 1994. | ||
| 300 | |a 116'. | ||
| 520 | |a Año 1827. Una fervorosa multitud llena las calles de Viena para rendir su último homenaje a un genio: Ludwig Van Beethoven. En su testamento el músico ha decidido legar todo lo que poseía a una mujer desconocida, su amor inmortal. Nadie sabe quién es. La única pista para descubrir su identidad es una carta. | ||
| 538 | |a Soporte: DVD -- Formato: AVI Peso: 944mb -- Resolución: 480 x 364 -- 29.97fps | ||
| 590 | |a Identificación anterior: 154 | ||
| 100 | 1 | |a Rose, Bernard. | |
| 700 | 1 | |a Oldman, Gary; Reparto. | |
| 700 | 1 | |a Krabbé, Jeroen; Reparto. | |
| 700 | 1 | |a Rossellini, Isabella; Reparto. | |
| 700 | 1 | |a ter Steege, Johanna; Reparto. | |
| 710 | 2 | |a Icon Productions. | |
| 700 | 1 | |a Beethoven, Ludwig van; Música. | |
| 653 | |a LARGOMETRAJE | ||
| 653 | |a FICCIÓN | ||
| 653 | |a BIOGRÁFICA | ||
| 859 | |a CEMS |b BIB. CEMS - Depto. Recursos Didacticos |h 778.5 |i ROS |k Ej.1 |p 3108.23 |t Ej.1 | ||
